Pokemon starting with the letter G - Statistics

General Stats
  • This quiz has been taken 32 times
  • The average score is 47 of 66
Answer Stats
Gen Answer % Correct
1 Golem
100%
1 Graveler
100%
1 Geodude
93%
1 Goldeen
93%
1 Growlithe
93%
9 Gholdengo
87%
5 Golett
87%
6 Goodra
87%
6 Goomy
87%
1 Gyarados
87%
4 Gallade
80%
5 Garbodor
80%
4 Garchomp
80%
3 Gardevoir
80%
1 Gastly
80%
1 Gengar
80%
4 Gible
80%
4 Giratina
80%
4 Glaceon
80%
2 Gligar
80%
4 Gliscor
80%
1 Golduck
80%
5 Golurk
80%
3 Groudon
80%
4 Gabite
73%
4 Gastrodon
73%
5 Genesect
73%
5 Gigalith
73%
9 Gimmighoul
73%
2 Girafarig
73%
1 Gloom
73%
5 Gothita
73%
6 Greninja
73%
1 Grimer
73%
4 Grotle
73%
3 Grovyle
73%
3 Grumpig
73%
3 Glalie
67%
8 Glastrier
67%
9 Glimmet
67%
9 Glimmora
67%
1 Golbat
67%
7 Golisopod
67%
5 Gothitelle
67%
5 Gothorita
67%
6 Gourgeist
67%
8 Grookey
67%
3 Gulpin
67%
5 Galvantula
60%
4 Glameow
60%
3 Gorebyss
60%
9 Gouging Fire
60%
8 Grapploct
60%
7 Gumshoos
60%
8 Gossifleur
53%
2 Granbull
53%
9 Great Tusk
53%
9 Greavard
53%
8 Grimmsnarl
53%
7 Grubbin
53%
7 Guzzlord
53%
6 Gogoat
47%
9 Grafaiai
47%
5 Gurdurr
47%
5 Garganacl
40%
8 Greedent
40%
No matching quizzes found
Score Distribution
Percent of People with Each Score
Percentile by Number Answered
Your Score History
You have not taken this quiz